| 000 | 00805nac a22002291u 4500 | ||
|---|---|---|---|
| 010 | _a86008772 | ||
| 020 | _a0865541981 (alk. paper) : | ||
| 082 | 0 | 0 |
_a227.9206 _bT137 |
| 090 |
_c1807 _d1807 |
||
| 100 | _a20080729 | ||
| 245 | 0 | 0 |
_aPerspectives on First Peter / _cedited by Charles H. Talbert. |
| 260 |
_aMacon, Ga. : _bMercer University Press, _cc1986. |
||
| 300 |
_a151 p. ; _c26 cm. |
||
| 440 | 0 |
_aNABPR special studies series ; _vno. 9 |
|
| 500 | _aIncludes index. | ||
| 500 | _aDonations | ||
| 500 | _aDonations - Dr. Mostafa Gouda | ||
| 504 | _aBibliography: p. 18-36. | ||
| 700 | 1 | _aTalbert, Charles H. | |
| 942 |
_cBB _k227.9206T137 |
||
| 999 |
_c1807 _d1807 |
||